000 01540nam a2200361 c 4500
999 _c440221
_d440221
003 BLK
005 20211215135105.0
008 200311b bul|||||r ||||||| ||bul||
040 _aBLK
041 _aBUL
_cBUL
080 _aБио-библиографии
_b016:929
_z016:929
080 _aПашев, Контантин-лекар, офталмолог
_b929
_z929
100 1 _aРадославова, Мария
_eПърви автор
_9436007
245 1 0 _aКонстантин Пашев
_bБиобиблиография
_cМария Радославова, Васил Бакърджиев;
257 _aBGR
260 _aСофия
_bБАН
_c1960
300 _a222 с.
_b20 л. : ил.
_c25 см
380 _a0
500 _aИзд. на БАН. Центр. библ. Библиографии на бълг. учени.
600 1 4 _aПашев, Константин
_9436009
650 7 _9165402
_aОфталмология
700 _aРадославова, Мария
_91478
_eсъстав.
700 1 _aКадънкова-Радославова, Мария
_974755
700 _aБакърджиев, В.
_9468841
700 _9416291
_eсъстав.
852 _aБК 1093
856 4 _qpdf
_u
856 4 _qpdf
_u
942 _cKNG
_n0
_2udc
_s1